000 01056nam a22003137a 4500
003 CHAP
005 20220329134943.0
008 971013s1982 es a r 00010 spa d
010 _a28610
011 _a29582
020 _a8428104964
035 _a33693
040 _cCHAP
082 1 0 _a631.43
_bK65Y
100 0 0 _aKononova, M. M.
_963697
245 1 0 _aMateria orgánica del suelo ; su naturaleza, propiedades y métodos de investigación
_c/por M.M. Kononova
260 _aBarcelona :
_bOikos-tau,
_c1982
300 _a365 p.
_b: ilus. ; gráfs.
590 _aBATCH-UPD
_b10
_c20130110
_lUCH01
_h1057
590 _aBATCH-UPD
_b10
_c20130410
_lUCH01
_h0651
590 _aBATCH-UPD
_b10
_c20130914
_lUCH01
_h1626
590 _aCONVERSION
_b10
_c20130109
_lUCH01
_h1316
650 1 4 _aHumus.
_956902
650 1 4 _aSuelos
_xMateria orgánica.
_9110429
901 _aBK
942 _cLIBRO
949 _a631.43 K65Y
_bBC
_cLIBRO
_d33724000884961
_eLIBRO
_h58520
_i33693
_si
949 _a631.43 K65Y
_bBC
_cLIBRO
_d33724002244884
_eLIBRO
_fc.2
_gDonaciØn
_h115337
_i33693
_so
999 _c28610
_d28610